000 00692nam a2200229Ia 4500
003 GCL
008 140319s9999 xx 000 0 ara d
040 _aGCL /
_cGCL
082 0 4 _a921.1
_bم ص
100 1 _aمحمود رزق سليم
245 1 0 _aصفى الدين الحلى /
_cمحمود رزق سليم
260 _a[S.N] :
_bدار المعارف ،
_c1980
300 _a128 ص
490 _aنوابغ الفكر العربى
_v0
650 0 4 _aالشعر العربى
650 0 4 _aالتراجم الادبية
650 0 4 _aالتراجم
650 0 4 _aالشعراء
650 0 4 _aالفلاسفة العرب
650 0 4 _aصفى الدين حلى
942 _2ddc
_cBK
999 _c28440
_d28440